Normal view
MARC view
Entry Personal Name
001 - CONTROL NUMBER
- control field: 61799
003 - CONTROL NUMBER IDENTIFIER
- control field: dpl
005 - DATE AND TIME OF LATEST TRANSACTION
- control field: 20240207111315.0
008 - FIXED-LENGTH DATA ELEMENTS
- fixed length control field: 240207|| aca||aabn | a|a d
040 ## - CATALOGING SOURCE
- Original cataloging agency: dpl
- Transcribing agency: dpl
100 ## - HEADING--PERSONAL NAME
- Personal name: Shriya sridharan and A.Srivathsan
670 ## - SOURCE DATA FOUND
- Source citation: Work cat.: (dpl)200582: THE CONTEMPORARY HINDU TEMPLE:, 2019
